000 03079cam a22003254a 4500
001 2818
003 FISKH
005 20240116104751.0
008 090727s2009 nyub b 000 0 eng
010 _a 2009288594
020 _a9780385520188 (pbk.)
040 _aDLC
_cDLC
_dDLC
_beng
043 _aa-cc---
050 0 0 _aHD9734.C55
_bC53 2009
082 0 0 _a331.40951
_222
100 1 _aChang, Leslie T.
245 1 0 _aFactory girls :
_bfrom village to city in a changing China /
_cLeslie T. Chang.
250 _a[New ed.]
260 _aNew York :
_bSpiegel & Grau,
_c2009.
300 _a431 pages :
_bmap. ;
_c21 cm.
504 _aIncludes bibliographical references (p. 410-416).
505 0 _aGoing out -- The city -- To die poor is a sin -- The talent market -- Factory girls -- The stele with no name -- Square and round -- Eight-minute date -- Assembly-line English -- The village -- The historian in my family -- The South China mall -- Love and money -- The tomb of the emperor -- Perfect health.
520 _aChina has 130 million migrant workers—the largest migration in human history. In Factory Girls, Leslie T. Chang, a former correspondent for the Wall Street Journal in Beijing, tells the story of these workers primarily through the lives of two young women, whom she follows over the course of three years as they attempt to rise from the assembly lines of Dongguan, an industrial city in China's Pearl River Delta. As she tracks their lives, Chang paints a never-before-seen picture of migrant life—a world where nearly everyone is under thirty; where you can lose your boyfriend and your friends with the loss of a mobile pho≠ and where a few computer or English lessons can catapult you into a completely different social class. Chang takes us inside a sneaker factory so large that it has its own hospital, movie theater, and fire department; to posh karaoke bars that are fronts for prostitution; to makeshift English classes where students shave their heads in monklike devotion and sit day after day in front of machines watching English words flash by; and back to a farming village for the Chinese New Year, revealing the poverty and idleness of rural life that drive young girls to leave home in the first place. Throughout this riveting portrait, Chang also interweaves the story of her own family's migrations, within China and to the West, providing historical and personal frames of reference for her investigation. A book of global significance that provides new insight into China, Factory Girls demonstrates how the mass movement from rural villages to cities is remaking individual lives and transforming Chinese society, much as immigration to America's shores remade our own country a century ago.
650 0 _aManufacturing industries
_zChina
_xEmployees.
650 0 _aWomen migrant labor
_zChina.
650 0 _aYoung women
_xEmployment
_zChina.
906 _a7
_bcbc
_corignew
_d3
_encip
_f20
_gy-gencatlg
942 _2ddc
_cBK
_n0
999 _c2818
_d2818